Normal view
MARC view
Entry Personal Name
001 - CONTROL NUMBER
- control field: 44522
003 - CONTROL NUMBER IDENTIFIER
- control field: ARRUPE
005 - DATE AND TIME OF LATEST TRANSACTION
- control field: 20190208114149.0
008 - FIXED-LENGTH DATA ELEMENTS
- fixed length control field: 190208|| aca||aabn | a|a d
040 ## - CATALOGING SOURCE
- Original cataloging agency: ARRUPE
- Transcribing agency: ARRUPE
100 ## - HEADING--PERSONAL NAME
- Personal name: Muzvidzwa, K.
670 ## - SOURCE DATA FOUND
- Source citation: Work cat.: (ARRUPE)0: Mufuka, K. Nyamayaro. 44519, Dzimbahwe :, c1983.